[Event "Druga liga Srbije grupa Vojvodina 2012"]
[Site "Kac"]
[Date "2012.10.14"]
[Round "1.1"]
[White "Indjic, Dusan"]
[Black "Kosic, Dragan"]
[Result "0-1"]
[WhiteElo "2287"]
[BlackElo "2509"]
[PlyCount "48"]
[EventDate "2012.10.14"]

1. d4 e6 2. Nf3 c5 3. g3 d5 4. Bg2 Nc6 5. O-O Qb6 6. dxc5 Bxc5 7. Nc3 Qd8 8. e4
d4 9. Ne2 e5 10. Ne1 Nf6 11. Nd3 Bb6 12. h3 Be6 13. f4 Nd7 14. f5 Bc4 15. Bd2
Qe7 16. Nec1 O-O-O 17. b3 Ba6 18. Rf2 g6 19. Qf3 Nf6 20. a4 Ba5 21. Bxa5 Nxa5
22. Bf1 gxf5 23. Qxf5+ Kb8 24. Rg2 Rdg8 {dalje necitko..} 0-1

[Event "Druga liga Srbije grupa Vojvodina 2012"]
[Site "Kac"]
[Date "2012.10.14"]
[Round "1.1"]
[White "Laketic, Gojko"]
[Black "Miljkovic, Bojan"]
[Result "1/2-1/2"]
[WhiteElo "2435"]
[BlackElo "2234"]
[PlyCount "69"]
[EventDate "2012.10.14"]

1. d4 d5 2. c4 e6 3. Nc3 Nf6 4. cxd5 exd5 5. Bg5 Be7 6. e3 O-O 7. Qc2 c6 8. Bd3
Nbd7 9. Nge2 Re8 10. O-O Nf8 11. f3 Be6 12. Kh1 Rc8 13. Rae1 a6 14. Na4 N6d7
15. Bxe7 Qxe7 16. Qd2 c5 17. dxc5 Nxc5 18. Nxc5 Qxc5 19. Nd4 Bd7 20. Rc1 Qb6
21. Kg1 Ne6 22. Bf5 Qd6 23. Bxe6 fxe6 24. f4 Rxc1 25. Rxc1 e5 26. fxe5 Qxe5 27.
Rc3 Bf5 28. Rb3 Bc8 29. Rd3 Bf5 30. Nf3 Qe4 31. Rxd5 Qb1+ 32. Kf2 h6 33. a3 Kh7
34. Rc5 Qe4 35. Qc3 {...dalje necitko} 1/2-1/2

[Event "Druga liga Srbije grupa Vojvodina 2012"]
[Site "Kac"]
[Date "2012.10.14"]
[Round "1.1"]
[White "Petakov, Uros"]
[Black "Kosanovic, Goran A"]
[Result "1/2-1/2"]
[WhiteElo "2338"]
[BlackElo "2363"]
[PlyCount "38"]
[EventDate "2012.10.14"]

1. d4 d5 2. Nf3 Nf6 3. e3 c5 4. a3 cxd4 5. exd4 Nc6 6. h3 g6 7. Bd3 Bg7 8. O-O
O-O 9. Re1 Bf5 10. b3 Bxd3 11. Qxd3 Ne4 12. Bb2 e6 13. c4 Qb6 14. b4 f5 15.
cxd5 exd5 16. Nbd2 Nxd2 17. Qxd2 Rfe8 18. Rxe8+ Rxe8 19. Re1 Re4 1/2-1/2

[Event "Druga liga Srbije grupa Vojvodina 2012"]
[Site "Kac"]
[Date "2012.10.14"]
[Round "1.1"]
[White "Drazic, Sinisa"]
[Black "Stanojevic, Branko"]
[Result "1-0"]
[WhiteElo "2511"]
[BlackElo "2312"]
[PlyCount "123"]
[EventDate "2012.10.14"]

1. d4 Nf6 2. Bg5 Ne4 3. Bf4 c5 4. dxc5 Qa5+ 5. Nd2 Nc6 6. c3 Nxd2 7. Qxd2 Qxc5
8. e4 d6 9. Nf3 Bg4 10. Be3 Qa5 11. Nd4 Nxd4 12. cxd4 Qxd2+ 13. Kxd2 Rc8 14. d5
g6 15. Bb5+ Bd7 16. Bxd7+ Kxd7 17. Bd4 Bh6+ 18. Kd3 Rhf8 19. Bxa7 f5 20. f3
fxe4+ 21. fxe4 Bg7 22. Rhb1 Be5 23. a4 e6 24. Bg1 exd5 25. exd5 Rf4 26. a5 Rb4
27. a6 Rb3+ 28. Kd2 Bf4+ 29. Kd1 bxa6 30. Rxa6 Rd3+ 31. Ke2 Rxd5 32. Ra7+ Ke6
33. g3 Rc2+ 34. Kf3 Be5 35. Rxh7 Rxb2 36. Rxb2 Bxb2 37. Rh6 Kf7 38. Rh7+ Bg7
39. Rh4 Rd1 40. Be3 d5 41. Rf4+ Ke6 42. Ra4 d4 43. Ra6+ Kf7 44. Ra7+ Kg8 45.
Bg5 Re1 46. Rd7 Re5 47. h4 Re1 48. g4 Rf1+ 49. Ke4 Rg1 50. Kf3 Re1 51. h5 gxh5
52. gxh5 Rh1 53. Kg4 Rg1+ 54. Kf5 Rb1 55. h6 Rb5+ 56. Kg6 Rb6+ 57. Kh5 Be5 58.
Rd8+ Kh7 59. Rd5 Bf6 60. Rd7+ Kh8 61. Bf4 Rc6 62. Kg4 1-0

[Event "Druga liga Srbije grupa Vojvodina 2012"]
[Site "Kac"]
[Date "2012.10.14"]
[Round "1.1"]
[White "Kovacevic, Dragan"]
[Black "Tesic, Dragan"]
[Result "1/2-1/2"]
[WhiteElo "2216"]
[BlackElo "2346"]
[PlyCount "55"]
[EventDate "2012.10.14"]

1. e4 c5 2. Nf3 e6 3. d4 cxd4 4. Qxd4 Nc6 5. Qa4 Qc7 6. c3 Nf6 7. Nbd2 a6 8.
Bd3 d6 9. O-O Be7 10. Re1 O-O 11. Nf1 Nd7 12. Qd1 b5 13. Bg5 Bb7 14. Bxe7 Nxe7
15. Rc1 Ng6 16. Ng3 d5 17. exd5 Bxd5 18. Be4 Nf6 19. Bxd5 Nxd5 20. Ne2 Rfd8 21.
Qc2 Rac8 22. Rcd1 h6 23. a3 Ngf4 24. g3 Nxe2+ 25. Qxe2 Nb6 26. Ne5 Rd5 27. Rxd5
Nxd5 28. Rd1 1/2-1/2

[Event "Druga liga Srbije grupa Vojvodina 2012"]
[Site "Kac"]
[Date "2012.10.14"]
[Round "1.1"]
[White "Kovacevic, Dragisa"]
[Black "Okilj, Tigran"]
[Result "1-0"]
[WhiteElo "2236"]
[BlackElo "2089"]
[PlyCount "73"]
[EventDate "2012.10.14"]

1. e4 d6 2. d4 Nf6 3. Nc3 g6 4. Be3 Bg7 5. h3 O-O 6. g4 Na6 7. Bg2 c5 8. Nge2
Rb8 9. a4 b6 10. O-O Bb7 11. Ng3 Nb4 12. Nce2 cxd4 13. Nxd4 Ba6 14. Nb5 Nc6 15.
Re1 Qd7 16. b3 Rfd8 17. f4 Rbc8 18. c4 Bb7 19. Ra2 Qe8 20. Rd2 Nd7 21. Nd4 Nc5
22. Nxc6 Bxc6 23. Qc2 Na6 24. Bf3 Nb4 25. Qc1 Qd7 26. Kg2 Qb7 27. Red1 a6 28.
Bd4 e5 29. fxe5 Bh6 30. Qc3 Bxd2 31. Rxd2 dxe5 32. Bxe5 Rxd2+ 33. Qxd2 Qe7 34.
Bc3 Rd8 35. Qh6 f6 36. Nh5 Rf8 37. Bxb4 1-0

[Event "Druga liga Srbije grupa Vojvodina 2012"]
[Site "Kac"]
[Date "2012.10.14"]
[Round "1.2"]
[White "Popov, Stevan"]
[Black "Stupavski, Zdenko"]
[Result "0-1"]
[WhiteElo "2204"]
[BlackElo "2407"]
[PlyCount "136"]
[EventDate "2012.10.14"]

1. e4 c5 2. Nf3 g6 3. d4 Bg7 4. dxc5 Qa5+ 5. Bd2 Qxc5 6. Bc3 Nf6 7. Bd3 d6 8.
O-O Nc6 9. Nbd2 O-O 10. Nb3 Qb6 11. Qd2 Bg4 12. Nfd4 e5 13. Nxc6 bxc6 14. Rfe1
Rfe8 15. h3 Be6 16. Ba5 Qb7 17. c4 Nh5 18. Bf1 Bf8 19. Rad1 f6 20. g3 Qf7 21.
Qd3 f5 22. Nd2 Nf6 23. b3 Rac8 24. Bg2 Nd7 25. Bb4 c5 26. Ba5 f4 27. Nf3 h6 28.
Kh2 Be7 29. Rg1 g5 30. Bd2 Kh8 31. Rh1 Rg8 32. Kg1 Nf8 33. Nh2 h5 34. g4 Rg7
35. f3 Nd7 36. Rf1 Nb8 37. Bc3 Nc6 38. Kf2 Rh7 39. Ke2 Bf8 40. Kd1 Qb7 41. Ke2
Rb8 42. Rb1 Be7 43. Qd2 Qa6 44. Ra1 Bd8 45. Rhd1 Nd4+ 46. Bxd4 exd4 47. Kd3 Ba5
48. Qc2 Bc3 49. Rab1 d5 50. exd5 Bf7 51. Ke2 Bg6 52. Qc1 Qxa2+ 53. Kf1 Re7 54.
Ra1 Bxa1 55. Qxa1 Qxa1 56. Rxa1 Rxb3 57. gxh5 Bxh5 58. Ng4 Bxg4 59. fxg4 f3 60.
Bh1 Ree3 61. d6 Rb8 62. d7 Rd8 63. Rxa7 d3 64. Kf2 d2 65. Ra1 Re2+ 66. Kf1 Rxd7
67. Bxf3 Rh2 68. Kg1 Rxh3 0-1

[Event "Druga liga Srbije grupa Vojvodina 2012"]
[Site "Kac"]
[Date "2012.10.14"]
[Round "1.2"]
[White "Elez, Nikola"]
[Black "Jovanovic, Milenko"]
[Result "1/2-1/2"]
[WhiteElo "2207"]
[BlackElo "2192"]
[PlyCount "146"]
[EventDate "2012.10.14"]

1. e4 e5 2. Nf3 Nf6 3. Nc3 Nc6 4. g3 Bc5 5. Bg2 d6 6. d3 h6 7. O-O O-O 8. Na4
Bb6 9. Nxb6 axb6 10. Re1 Re8 11. c4 Bg4 12. Be3 Qd7 13. Qe2 Bh3 14. Bh1 Ng4 15.
d4 Nxe3 16. fxe3 Bg4 17. d5 Ne7 18. Rf1 Bh3 19. Rf2 Ng6 20. a3 Rf8 21. Nd2 Qg4
22. Re1 Qg5 23. Bg2 Bd7 24. Qd3 h5 25. Ref1 h4 26. gxh4 Nxh4 27. Nf3 Nxf3+ 28.
Rxf3 g6 29. Rg3 Qh4 30. Qe2 Kg7 31. Qf2 Qe7 32. Bh3 Bxh3 33. Rxh3 f5 34. exf5
Rxf5 35. Qg2 Raf8 36. Rff3 Rxf3 37. Rxf3 Rxf3 38. Qxf3 Qh4 39. Qe2 Qg5+ 40. Kf2
Qh4+ 41. Kg1 Qg5+ 42. Kf2 Qh4+ 43. Kg1 Qg5+ 44. Kf1 Qf5+ 45. Kg2 Qe4+ 46. Kg3
Kh6 47. h3 Qh1 48. Qf2 Kg5 49. b3 Qe4 50. Qe2 Qh4+ 51. Kh2 Qe4 52. Kg3 Qh4+ 53.
Kg2 Qe4+ 54. Kh2 Qf5 55. Kg3 Qb1 56. Qg4+ Kh6 57. Qh4+ Kg7 58. Qe7+ Kh6 59.
Qf8+ Kh7 60. Qe7+ Kh6 61. Qh4+ Kg7 62. Qe7+ Kh6 63. Qf8+ Kh7 64. Qf7+ Kh6 65.
Qf8+ Kh7 66. Qe7+ Kh6 67. Qh4+ Kg7 68. Qe7+ Kh6 69. Qf8+ Kh7 70. Qf7+ Kh6 71.
Qxc7 Qg1+ 72. Kf3 Qf1+ 73. Kg3 Qg1+ 1/2-1/2

[Event "Druga liga Srbije grupa Vojvodina 2012"]
[Site "Kac"]
[Date "2012.10.14"]
[Round "1.2"]
[White "Zolotic, Zoran"]
[Black "Subotic, Srbislav"]
[Result "1/2-1/2"]
[WhiteElo "2237"]
[BlackElo "2180"]
[PlyCount "119"]
[EventDate "2012.10.14"]

1. Nf3 Nf6 2. c4 b6 3. Nc3 Bb7 4. g3 e6 5. Bg2 Be7 6. O-O O-O 7. b3 Ne4 8. Bb2
f5 9. Qc2 Nxc3 10. Bxc3 Bf6 11. d4 Qe7 12. Rad1 d6 13. Qb2 Be4 14. e3 Nd7 15.
Rd2 a5 16. Rfd1 Rae8 17. a3 g5 18. Ne1 Bxg2 19. Nxg2 e5 20. f4 exf4 21. exf4
Qg7 22. fxg5 Bxg5 23. Re2 Qg6 24. Rde1 Nf6 25. Bd2 h6 26. Qc1 Rxe2 27. Rxe2 Ne4
28. Bf4 Qg7 29. Bxg5 hxg5 30. Qe3 g4 31. Nh4 Ng5 32. Kg2 Nh3 33. Qe6+ Qf7 34.
d5 Kg7 35. Re1 Qxe6 36. Rxe6 Rf7 37. Re1 f4 38. gxf4 Nxf4+ 39. Kg3 Nd3 40. Re3
Ne5 41. a4 Rf1 42. Ng2 Kf6 43. Nf4 Rg1+ 44. Kf2 Rh1 45. Kg2 Rb1 46. Ne6 c6 47.
Nc7 Kf5 48. dxc6 Rb2+ 49. Kg3 Nxc6 50. Na8 Nd4 51. Nxb6 Kg5 52. h4+ Kf5 53. Nc8
Ne2+ 54. Rxe2 Rxe2 55. Nxd6+ Ke6 56. Nb7 Kf5 57. Nd6+ Ke6 58. Nb7 Kf5 59. Nd6+
Ke6 60. Nb7 1/2-1/2

[Event "Druga liga Srbije grupa Vojvodina 2012"]
[Site "Kac"]
[Date "2012.10.14"]
[Round "1.2"]
[White "Gavric, Zivojin"]
[Black "Radanovic, Borislav"]
[Result "1/2-1/2"]
[WhiteElo "2128"]
[BlackElo "2244"]
[PlyCount "41"]
[EventDate "2012.10.14"]

1. e4 d6 2. Nc3 g6 3. g3 Bg7 4. Bg2 Nc6 5. f4 e5 6. d3 Nge7 7. Nh3 h5 8. Nf2
Nd4 9. Ne2 Nec6 10. c3 Nxe2 11. Qxe2 Be6 12. O-O Qe7 13. Nd1 Bg4 14. Qe1 Qd7
15. Ne3 Bf3 16. f5 Bxg2 17. Kxg2 O-O-O 18. h3 Bh6 19. Nd5 Bxc1 20. Rxc1 Ne7 21.
Nxe7+ 1/2-1/2

[Event "Druga liga Srbije grupa Vojvodina 2012"]
[Site "Kac"]
[Date "2012.10.14"]
[Round "1.3"]
[White "Sertic, Rudolf"]
[Black "Leskur, Dejan"]
[Result "0-1"]
[WhiteElo "2397"]
[BlackElo "2376"]
[PlyCount "110"]
[EventDate "2012.10.14"]

1. Nf3 c5 2. c4 g6 3. d4 Bg7 4. e4 cxd4 5. Nxd4 Nc6 6. Be3 d6 7. Nc3 Nf6 8. Be2
O-O 9. O-O Bd7 10. Nc2 a5 11. f3 a4 12. Qd2 Qa5 13. Rab1 Rfc8 14. Rfc1 Be6 15.
b4 axb3 16. axb3 Ng4 17. b4 Qe5 18. fxg4 Qxc3 19. Qxc3 Bxc3 20. h3 Ra2 21. Bf1
f5 22. b5 Na5 23. exf5 gxf5 24. gxf5 Bxf5 25. Nb4 Bd2 26. Bxd2 Rxd2 27. Ra1 Nb3
28. Rd1 Be6 29. Nd5 Bxd5 30. cxd5 Rcc2 31. Rxd2 Rxd2 32. Ra3 Nc5 33. Re3 Kf8
34. Rf3+ Kg7 35. Rf5 Ne4 36. Bc4 Rd4 37. Bb3 Nf6 38. g4 Rb4 39. Ba2 Rxb5 40. g5
Nd7 41. Bc4 Rb4 42. Be2 Ne5 43. Bd1 Rd4 44. Bb3 Rd3 45. Ba2 Rxh3 46. Bb1 Rf3
47. Kg2 Rxf5 48. Bxf5 Nf7 49. Kg3 Nxg5 50. Kf4 Kf6 51. Bg4 b5 52. Bd1 b4 53.
Bb3 h5 54. Kg3 Ne4+ 55. Kh4 Nd2 0-1

[Event "Druga liga Srbije grupa Vojvodina 2012"]
[Site "Kac"]
[Date "2012.10.14"]
[Round "1.3"]
[White "Dvornic, Mladen"]
[Black "Vujadinovic, Goran"]
[Result "1/2-1/2"]
[WhiteElo "2323"]
[BlackElo "2365"]
[PlyCount "34"]
[EventDate "2012.10.14"]

1. d4 d6 2. e4 g6 3. Nc3 Bg7 4. Bc4 Nf6 5. Nf3 Nxe4 6. Nxe4 d5 7. Bd3 dxe4 8.
Bxe4 c5 9. c3 cxd4 10. cxd4 Qb6 11. O-O O-O 12. Bg5 Nd7 13. Bxe7 Re8 14. Bc5
Nxc5 15. dxc5 Qxc5 16. Rc1 Qb4 17. Bd5 Be6 1/2-1/2

[Event "Druga liga Srbije grupa Vojvodina 2012"]
[Site "Kac"]
[Date "2012.10.14"]
[Round "1.3"]
[White "Kostic, Filip"]
[Black "Mastrapovic, Vladimir"]
[Result "0-1"]
[WhiteElo "2259"]
[BlackElo "2284"]
[PlyCount "80"]
[EventDate "2012.10.14"]

1. d4 Nf6 2. Nf3 g6 3. c4 Bg7 4. Nc3 d5 5. Bf4 O-O 6. e3 c5 7. dxc5 Qa5 8. cxd5
Nxd5 9. Be5 Nxc3 10. Qd2 Bxe5 11. Nxe5 Qxc5 12. Qxc3 Qxc3+ 13. bxc3 Be6 14. Be2
f6 15. Nd3 Nd7 16. Bf3 Bc4 17. Nf4 Nc5 18. Bd5+ Bxd5 19. Nxd5 e6 20. Nf4 Rfd8
21. Rd1 g5 22. Nh5 Rxd1+ 23. Kxd1 Ne4 24. Kc2 Rc8 25. f3 Nxc3 26. Nxf6+ Kf7 27.
Ng4 Nxa2+ 28. Kb3 Nc1+ 29. Ka3 Nd3 30. Rd1 Rc3+ 31. Ka2 Ke7 32. e4 b5 33. Rf1
a5 34. Nf2 Nxf2 35. Rxf2 b4 36. Rd2 Kf6 37. Kb2 a4 38. Rd4 a3+ 39. Ka2 Rc2+ 40.
Kb3 Rb2+ 0-1

[Event "Druga liga Srbije grupa Vojvodina 2012"]
[Site "Kac"]
[Date "2012.10.14"]
[Round "1.3"]
[White "Marcak, Dejan"]
[Black "Andrejevic, Milorad"]
[Result "1/2-1/2"]
[WhiteElo "2152"]
[BlackElo "2255"]
[PlyCount "132"]
[EventDate "2012.10.14"]

1. e4 c5 2. d4 cxd4 3. c3 d3 4. Bxd3 Nc6 5. f4 d6 6. Nf3 Nf6 7. O-O e5 8. h3
Be7 9. b4 a6 10. a4 O-O 11. Na3 d5 12. exd5 Nxd5 13. Nxe5 Nxe5 14. fxe5 Nxc3
15. Bxh7+ Kxh7 16. Qc2+ Kg8 17. Qxc3 Be6 18. Be3 Rc8 19. Qe1 Qd3 20. Rf3 Qe4
21. Bd2 Qd4+ 22. Kh1 Bh4 23. Bc3 Bxe1 24. Bxd4 Bxb4 25. Rb1 a5 26. Nb5 Rc4 27.
Bb6 Bd5 28. Rg3 Rfc8 29. Nd6 Rc1+ 30. Rxc1 Rxc1+ 31. Kh2 Bc3 32. Be3 Rc2 33.
Nf5 Bxe5 34. Ne7+ Kh7 35. Nxd5 Bxg3+ 36. Kxg3 Rb2 37. Nb6 Kg6 38. Kf3 Kf5 39.
Nc4 Rb4 40. Nxa5 b6 41. g4+ Kg6 42. Nc6 Rxa4 43. Ne5+ Kh7 44. Bxb6 f6 45. Nd3
Ra3 46. Ke4 Ra4+ 47. Bd4 Ra2 48. Be3 Rh2 49. Nf2 Rg2 50. h4 Rg1 51. Kf3 Rb1 52.
Ne4 Rf1+ 53. Bf2 Ra1 54. h5 Ra5 55. Kf4 Rb5 56. Bd4 Rb4 57. Bc3 Rc4 58. Kf5 Ra4
59. Bxf6 gxf6 60. Nxf6+ Kg7 61. g5 Ra5+ 62. Kf4 Ra4+ 63. Ne4 Ra5 64. Kg4 Ra4
65. Kf5 Ra5+ 66. Ke6 Rxg5 1/2-1/2

[Event "Druga liga Srbije grupa Vojvodina 2012"]
[Site "Kac"]
[Date "2012.10.14"]
[Round "1.3"]
[White "Medar, Zeljko"]
[Black "Bogic, Stevan"]
[Result "1/2-1/2"]
[WhiteElo "2229"]
[BlackElo "2199"]
[PlyCount "31"]
[EventDate "2012.10.14"]

1. d4 Nf6 2. Nf3 g6 3. Bg5 Bg7 4. Nbd2 O-O 5. e3 d6 6. h3 Nbd7 7. Be2 Re8 8.
O-O e5 9. c3 e4 10. Ne1 d5 11. Nc2 Nb6 12. f3 exf3 13. Bxf3 Qd6 14. Bf4 Qe7 15.
b3 Bf5 16. a4 1/2-1/2

[Event "Druga liga Srbije grupa Vojvodina 2012"]
[Site "Kac"]
[Date "2012.10.14"]
[Round "1.4"]
[White "Varga, Zoltan"]
[Black "Galyas, Miklos"]
[Result "1/2-1/2"]
[WhiteElo "2455"]
[BlackElo "2423"]
[PlyCount "35"]
[EventDate "2012.10.14"]

1. d4 Nf6 2. Nf3 e6 3. g3 b6 4. Bg2 Bb7 5. O-O Be7 6. c4 O-O 7. Nc3 Ne4 8. Bd2
f5 9. Rc1 Bf6 10. d5 Nxd2 11. Qxd2 Na6 12. Nd4 Qe8 13. dxe6 Bxg2 14. Kxg2 dxe6
15. Qe3 Bxd4 16. Qxd4 Qe7 17. Rfd1 Rad8 18. Qe5 1/2-1/2

[Event "Druga liga Srbije grupa Vojvodina 2012"]
[Site "Kac"]
[Date "2012.10.14"]
[Round "1.4"]
[White "Somborski, Nebojsa"]
[Black "Cabarkapa, Novak"]
[Result "1/2-1/2"]
[WhiteElo "2342"]
[BlackElo "2244"]
[PlyCount "32"]
[EventDate "2012.10.14"]

1. e4 c5 2. Nf3 d6 3. Bb5+ Nd7 4. d4 cxd4 5. Qxd4 a6 6. Bxd7+ Bxd7 7. c4 e5 8.
Qd3 h6 9. O-O Rc8 10. Nc3 Qc7 11. b3 b5 12. Nd5 Qc6 13. Nd2 Ne7 14. Ba3 Nxd5
15. exd5 Qb6 16. Kh1 f5 1/2-1/2

[Event "Druga liga Srbije grupa Vojvodina 2012"]
[Site "Kac"]
[Date "2012.10.14"]
[Round "1.4"]
[White "Vidic, Stevan"]
[Black "Vlahovic, Bogdan"]
[Result "1/2-1/2"]
[WhiteElo "2288"]
[BlackElo "2340"]
[PlyCount "37"]
[EventDate "2012.10.14"]

1. d4 f5 2. c4 Nf6 3. Nc3 e6 4. g3 Bb4 5. Bg2 O-O 6. Nf3 Ne4 7. Qc2 d6 8. O-O
Bxc3 9. bxc3 Qe7 10. Nd2 Nxd2 11. Bxd2 e5 12. c5 Nc6 13. d5 Nd8 14. cxd6 cxd6
15. c4 Bd7 16. Bb4 Rc8 17. Qb3 Nf7 18. Rac1 b6 19. a4 1/2-1/2

[Event "Druga liga Srbije grupa Vojvodina 2012"]
[Site "Kac"]
[Date "2012.10.14"]
[Round "1.4"]
[White "Sekulic, Dusan"]
[Black "Marjanusic, Vladimir"]
[Result "0-1"]
[WhiteElo "2304"]
[BlackElo "2266"]
[PlyCount "98"]
[EventDate "2012.10.14"]

1. d4 d5 2. Nf3 Nf6 3. c4 c6 4. e3 e6 5. Nbd2 c5 6. Bd3 Nc6 7. O-O cxd4 8. exd4
Be7 9. c5 O-O 10. a3 e5 11. dxe5 Ng4 12. Nb3 Ngxe5 13. Nxe5 Nxe5 14. Bxh7+ Kxh7
15. Qh5+ Kg8 16. Qxe5 Bf6 17. Qe2 a5 18. a4 b6 19. Rd1 d4 20. Be3 bxc5 21. Bd2
Qb6 22. Qb5 Qxb5 23. axb5 c4 24. Rxa5 Bg4 25. f3 Bd7 26. Nc5 Rxa5 27. Bxa5 Bxb5
28. Ne4 Be5 29. Bb6 f5 30. Nf2 d3 31. Ba5 Ba4 32. Ra1 Bc2 33. Bc3 Bxc3 34. bxc3
Rb8 35. Nd1 Rb3 36. Ne3 Rxc3 37. Ra8+ Kh7 38. Rd8 Bb1 39. f4 d2 40. Kf2 Bd3 41.
g4 Rc1 42. gxf5 Re1 43. f6 gxf6 44. Rd7+ Kg8 45. Ng4 Re6 46. f5 d1=Q 47. Nh6+
Kf8 48. fxe6 Qd2+ 49. Kg3 Qxh6 0-1

[Event "Druga liga Srbije grupa Vojvodina 2012"]
[Site "Kac"]
[Date "2012.10.14"]
[Round "1.4"]
[White "Mamuzic, Mirko"]
[Black "Mijatovic, Dejan"]
[Result "0-1"]
[WhiteElo "2248"]
[BlackElo "2271"]
[PlyCount "80"]
[EventDate "2012.10.14"]

1. b4 e6 2. Bb2 Nf6 3. a3 d5 4. e3 Bd6 5. Nf3 Nbd7 6. Be2 O-O 7. O-O e5 8. d3
c6 9. Nbd2 Re8 10. c4 e4 11. Nd4 Ne5 12. dxe4 dxe4 13. Qc2 Ng6 14. Rfd1 Qe7 15.
Nf1 Ng4 16. Ng3 Nh6 17. c5 Bc7 18. Rd2 f5 19. Qb3+ Kh8 20. Nh5 Be5 21. b5 Bd7
22. h4 f4 23. g3 fxe3 24. fxe3 cxb5 25. Nxb5 Bxb5 26. Qxb5 Nf5 27. Nf4 Bxb2 28.
Rxb2 Nxe3 29. Nh5 Nf5 30. Qxb7 Qxc5+ 31. Kh1 Qe5 32. Rab1 Nd6 33. Qa6 e3 34.
Bf3 Rac8 35. Qxa7 Re7 36. Qa6 Rf8 37. Rb8 Rxb8 38. Rxb8+ Ne8 39. Rb1 e2 40. Re1
Qc3 0-1

[Event "Druga liga Srbije grupa Vojvodina 2012"]
[Site "Kac"]
[Date "2012.10.14"]
[Round "1.4"]
[White "Lalic, Dragan"]
[Black "Milurovic, Uros"]
[Result "1-0"]
[WhiteElo "2321"]
[BlackElo "2095"]
[PlyCount "117"]
[EventDate "2012.10.14"]

1. Nf3 Nf6 2. g3 b5 3. Bg2 Bb7 4. a4 a6 5. O-O e6 6. b3 Be7 7. Bb2 O-O 8. c4 b4
9. Qc2 d6 10. Re1 c5 11. Ng5 Bxg2 12. Bxf6 g6 13. Bxe7 Qxe7 14. Nxh7 Kxh7 15.
Kxg2 Nc6 16. d3 Rh8 17. Nd2 Nd4 18. Qb2 Qb7+ 19. f3 e5 20. e3 Nf5 21. Ne4 Kg7
22. Re2 Rad8 23. Kg1 Qe7 24. Rd1 f6 25. Nd2 Qe6 26. Nf1 Qd7 27. Rg2 Rh3 28. Qf2
Kf7 29. g4 Ne7 30. d4 Qc7 31. d5 Ng8 32. Ng3 Kf8 33. Ne4 Qe7 34. Rg3 Rxg3+ 35.
Qxg3 Ke8 36. h4 Kd7 37. Kf2 Rf8 38. Rh1 Kc7 39. h5 g5 40. h6 Rf7 41. Rh5 Rh7
42. Qh2 Qf8 43. Ng3 Ne7 44. Ke2 a5 45. Kd2 Qh8 46. Rh3 Kd7 47. Rh5 Kc7 48. Kd3
Kd7 49. Kc2 Kc7 50. Kd2 Kd7 51. Ne4 Ng6 52. Ng3 Ne7 53. Kc2 Kc7 54. Kb1 Kd7 55.
Ne4 Ng6 56. Qc2 Kc7 57. Nxg5 fxg5 58. Qxg6 e4 59. Qxe4 1-0

[Event "Druga liga Srbije grupa Vojvodina 2012"]
[Site "Kac"]
[Date "2012.10.14"]
[Round "1.5"]
[White "Remecki, Sinisa"]
[Black "Sipos, Istvan"]
[Result "1/2-1/2"]
[WhiteElo "2212"]
[BlackElo "2459"]
[PlyCount "63"]
[EventDate "2012.10.14"]

1. d4 Nf6 2. Nc3 d5 3. Bg5 Nbd7 4. Nf3 c6 5. e3 Qa5 6. Nd2 e6 7. a3 Bd6 8. Bxf6
Nxf6 9. f4 Bd7 10. Bd3 c5 11. Nb3 Qb6 12. dxc5 Bxc5 13. Nxc5 Qxc5 14. Qf3 Qb6
15. O-O-O Rc8 16. e4 d4 17. Ne2 Bc6 18. g4 Nd7 19. Qf2 Nc5 20. Qxd4 Bxe4 21.
Qxg7 Nxd3+ 22. Rxd3 Rf8 23. Rhd1 Bxd3 24. Rxd3 Qc6 25. Nd4 Qe4 26. Kb1 Rd8 27.
f5 exf5 28. gxf5 Ke7 29. f6+ Kd7 30. Nf5+ Kc6 31. Ne7+ Kb6 32. Nd5+ 1/2-1/2

[Event "Druga liga Srbije grupa Vojvodina 2012"]
[Site "Kac"]
[Date "2012.10.14"]
[Round "1.5"]
[White "Bulajic, Ratko"]
[Black "Titov, Ivan"]
[Result "1/2-1/2"]
[WhiteElo "2331"]
[BlackElo "2173"]
[PlyCount "179"]
[EventDate "2012.10.14"]

1. d4 Nf6 2. c4 g6 3. Nf3 Bg7 4. Nc3 O-O 5. g3 d5 6. cxd5 Nxd5 7. Bg2 Nxc3 8.
bxc3 c5 9. O-O Qa5 10. Bd2 Rd8 11. Qc2 Nc6 12. e4 Qa3 13. d5 Na5 14. Rab1 Nc4
15. Bg5 Re8 16. Nd2 Nd6 17. c4 Bd7 18. Qb3 Qa6 19. Rfc1 Rac8 20. Bf4 b6 21. h3
h6 22. g4 f6 23. Bg3 Qa5 24. Qd3 Nf7 25. e5 Nxe5 26. Bxe5 fxe5 27. Nb3 Qa4 28.
Qxg6 Rf8 29. Nd2 Rf6 30. Qd3 Rcf8 31. Ne4 Rf4 32. Rc2 Be8 33. Re2 Bg6 34. Rc1
Qe8 35. Qa3 Qd7 36. Qg3 Kh8 37. Rc3 h5 38. Qh4 Kg8 39. Qg5 Qe8 40. Rg3 hxg4 41.
hxg4 Qf7 42. d6 Bxe4 43. dxe7 Re8 44. Bxe4 Qxc4 45. Qg6 Rxe7 46. Rd3 Re6 47.
Rd8+ Rf8 48. Bd5 Qxd5 49. Qxg7+ Kxg7 50. Rxd5 Kf6 51. f4 Rg8 52. fxe5+ Ke7 53.
Re4 Reg6 54. Kf2 Rxg4 55. Re1 Rg2+ 56. Kf3 Rxa2 57. e6 Rd8 58. Rh5 Ra3+ 59. Kf4
Kf6 60. Rf5+ Ke7 61. Rf7+ Kd6 62. Rf6 Ra4+ 63. Kf5 Re8 64. Rf7 Re7 65. Rxe7
Kxe7 66. Rh1 Ra2 67. Rh7+ Kd6 68. Rd7+ Kc6 69. Rd8 Re2 70. Kf6 a5 71. e7 a4 72.
Ra8 b5 73. Ra6+ Kd5 74. Kf7 c4 75. Rb6 Rxe7+ 76. Kxe7 Kc5 77. Rb8 a3 78. Ke6 b4
79. Ke5 a2 80. Rc8+ Kb5 81. Kd5 b3 82. Rb8+ Ka6 83. Kxc4 Ka7 84. Rxb3 a1=Q 85.
Rb4 Qd1 86. Kc3 Ka6 87. Rd4 Qc1+ 88. Kd3 Kb5 89. Ke4 Kc5 90. Rd3 {i remi u 132.
potezu!!} 1/2-1/2

[Event "Druga liga Srbije grupa Vojvodina 2012"]
[Site "Kac"]
[Date "2012.10.14"]
[Round "1.5"]
[White "Vajdic, Nikola"]
[Black "Strangar, Zlatko"]
[Result "1/2-1/2"]
[WhiteElo "2290"]
[BlackElo "2221"]
[PlyCount "139"]
[EventDate "2012.10.14"]

1. Nf3 Nf6 2. d4 g6 3. c4 Bg7 4. g3 O-O 5. Bg2 d6 6. O-O Nbd7 7. Nc3 e5 8. e4
exd4 9. Nxd4 Re8 10. Re1 Nc5 11. Nb3 Be6 12. Nd5 Nfd7 13. Qc2 Ne5 14. Nxc5 dxc5
15. Bf4 c6 16. Bxe5 Bxe5 17. Ne3 Qb6 18. Re2 Rad8 19. h3 Rd7 20. Kh2 f6 21. f4
Bd4 22. Rae1 Kg7 23. f5 Bf7 24. Ng4 Be5 25. fxg6 hxg6 26. Qc1 Qc7 27. Qh6+ Kg8
28. Re3 Re6 29. b3 Be8 30. Rf3 Qd6 31. Nxe5 Qxe5 32. Ref1 Rd4 33. Rf4 Rd7 34.
Rh4 Rg7 35. Qh8+ Kf7 36. Rh7 Rxh7 37. Qxh7+ Kf8 38. Rf4 Bf7 39. Qh8+ Ke7 40.
Qc8 g5 41. Qxb7+ Kf8 42. Rf1 Rd6 43. Qb8+ Kg7 44. Rf5 Qe7 45. Rxc5 Rd2 46. Qb4
Rxa2 47. Rxg5+ Kf8 48. Qxe7+ Kxe7 49. Rc5 Bg6 50. Kg1 Kd6 51. b4 Ra6 52. Ra5
Rxa5 53. bxa5 Kc5 54. Kf2 Kxc4 55. e5 fxe5 56. Bxc6 Kd3 57. g4 e4 58. h4 Kd2
59. Bxe4 Bxe4 60. h5 Kd3 61. g5 Kd4 62. Kg3 Ke5 63. Kg4 a6 64. g6 Kf6 65. Kf4
Bc2 66. Kg4 Bd1+ 67. Kh4 Be2 68. g7 Kxg7 69. Kg5 Bd3 70. Kf4 1/2-1/2

[Event "Druga liga Srbije grupa Vojvodina 2012"]
[Site "Kac"]
[Date "2012.10.14"]
[Round "1.5"]
[White "Ivanovic, Miroslav"]
[Black "Jacimovic, Zoran"]
[Result "0-1"]
[WhiteElo "2104"]
[BlackElo "2168"]
[PlyCount "91"]
[EventDate "2012.10.14"]

1. c4 c6 2. e4 d5 3. exd5 cxd5 4. d4 Nf6 5. Nc3 e6 6. Nf3 Be7 7. Bd3 dxc4 8.
Bxc4 O-O 9. O-O Nc6 10. Re1 b6 11. d5 Na5 12. dxe6 Nxc4 13. exf7+ Kh8 14. Qe2
Bg4 15. Qxe7 Bxf3 16. gxf3 Qd3 17. Ne4 Qxf3 18. Nxf6 gxf6 19. Qe4 Ne5 20. Bf4
Qg4+ 21. Bg3 Qxe4 22. Rxe4 Ng6 23. h4 h5 24. Rd1 Rxf7 25. Rd5 f5 26. Re6 Rg8
27. Kf1 Kg7 28. Rdd6 Kh7 29. f3 Rgg7 30. Be1 Re7 31. Rf6 Ref7 32. Bc3 Rxf6 33.
Bxf6 Rc7 34. Ke1 Ne7 35. Kd2 Nc8 36. Rd8 b5 37. Ke3 Kg6 38. Be5 Rc6 39. Kf4
Rc4+ 40. Bd4 a5 41. Ke5 Ne7 42. Rd6+ Kf7 43. Bb6 Ng6+ 44. Kxf5 Nxh4+ 45. Kg5
Nxf3+ 46. Kxh5 0-1